<?xml version="1.0" encoding="UTF-8"?><record xmlns="http://www.loc.gov/MARC21/slim" xmlns:zs="http://docs.oasis-open.org/ns/search-ws/sruResponse">
  <leader>00673cz  a2200181n  4500</leader>
  <controlfield tag="001">n  88640361 </controlfield>
  <controlfield tag="003">DLC</controlfield>
  <controlfield tag="005">20130721070325.0</controlfield>
  <controlfield tag="008">880531n| azannaabn          |a aad      </controlfield>
  <datafield ind1=" " ind2=" " tag="010">
    <subfield code="a">n  88640361 </subfield>
  </datafield>
  <datafield ind1=" " ind2=" " tag="035">
    <subfield code="a">(OCoLC)oca02289576</subfield>
  </datafield>
  <datafield ind1=" " ind2=" " tag="040">
    <subfield code="a">DLC</subfield>
    <subfield code="b">eng</subfield>
    <subfield code="e">rda</subfield>
    <subfield code="c">DLC</subfield>
    <subfield code="d">OCoLC</subfield>
    <subfield code="d">PU</subfield>
    <subfield code="d">ICU</subfield>
  </datafield>
  <datafield ind1=" " ind2=" " tag="046">
    <subfield code="f">1855</subfield>
    <subfield code="g">1942</subfield>
  </datafield>
  <datafield ind1="1" ind2=" " tag="100">
    <subfield code="a">Pringsheim-Dohm, Hedwig,</subfield>
    <subfield code="d">1855-1942</subfield>
  </datafield>
  <datafield ind1="1" ind2=" " tag="400">
    <subfield code="a">Dohm, Hedwig Pringsheim-,</subfield>
    <subfield code="d">1855-1942</subfield>
  </datafield>
  <datafield ind1="1" ind2=" " tag="400">
    <subfield code="a">Pringsheim, Hedwig,</subfield>
    <subfield code="d">1855-1942</subfield>
  </datafield>
  <datafield ind1=" " ind2=" " tag="670">
    <subfield code="a">nuc88-66863: Her Thomas Manns Schwiegermutter erzählt ... 1985</subfield>
    <subfield code="b">(hdg. on NIC rept.: Pringsheim-Dohm, Hedwig, 1855-1942; usage: Hedwig Pringsheim-Dohm)</subfield>
  </datafield>
  <datafield ind1=" " ind2=" " tag="670">
    <subfield code="a">Meine Manns, 2006:</subfield>
    <subfield code="b">t.p. (Hedwig Pringsheim)</subfield>
  </datafield>
</record>
